US Cities with Chinatowns - Statistics

General Stats
  • This quiz has been taken 70 times
    68 since last reset
  • The average score is 22 of 26
Answer Stats
Hint Answer % Correct
CA Los Angeles
100%
CA San Francisco
100%
TX Dallas
98%
NY New York City
98%
TX Houston
96%
MA Boston
95%
IL Chicago
95%
CA San Diego
95%
NV Las Vegas
93%
WA Seattle
93%
DC Washington D.C.
93%
TX Austin
91%
OR Portland
91%
GA Atlanta
89%
OH Cleveland
89%
OK Oklahoma City
89%
PA Philadelphia
89%
UT Salt Lake City
89%
FL Orlando
87%
CA Sacramento
85%
MI Detroit
84%
CA Oakland
78%
CA Fresno
73%
AZ Mesa
55%
CA Stockton
45%
CA Irvine
31%
No matching quizzes found
Score Distribution
Percent of People with Each Score
Percentile by Number Answered
Your Score History
You have not taken this quiz since the last reset